AH International Schools' Libraries

Playtime Activities: (Record no. 48834)

MARC details
000 -LEADER
fixed length control field 00617nam a2200145 4500
020 ## - INTERNATIONAL STANDARD BOOK NUMBER
International Standard Book Number 9780746033401
100 ## - MAIN ENTRY--PERSONAL NAME
Personal name Gibson, Ray,
Relator term author.
9 (RLIN) 33650
245 ## - TITLE STATEMENT
Title Playtime Activities:
Remainder of title Lots of things to crayon,paint,cut and stick /
Statement of responsibility, etc By Ray Gibson.
260 ## - PUBLICATION, DISTRIBUTION, ETC. (IMPRINT)
Place of publication, distribution, etc London :
Name of publisher, distributor, etc Usborne ;
Date of publication, distribution, etc 1998.
300 ## - PHYSICAL DESCRIPTION
Extent 128 pages.
520 ## - SUMMARY, ETC.
Summary, etc Combining four of Usborne''s titles in one bo ok, Playtime Activities features original yet simple things for very small children to do, from cut and sticking to fing erpainting and drawing.
650 ## - SUBJECT ADDED ENTRY--TOPICAL TERM
9 (RLIN) 50984
Topical term or geographic name as entry element art and crafts
650 ## - SUBJECT ADDED ENTRY--TOPICAL TERM
9 (RLIN) 22839
Topical term or geographic name as entry element Children's drawings.
942 ## - ADDED ENTRY ELEMENTS (KOHA)
Source of classification or shelving scheme
Koha item type Book
Holdings
Withdrawn status Lost status Source of classification or shelving scheme Damaged status Not for loan Home library Current library Date acquired Total Checkouts Full call number Barcode Date last seen Date checked out Price effective from Koha item type
          Logos International School Logos International School 04/11/2025 1 J 745.5 GIB 040614 09/17/2025 09/10/2025 04/11/2025 Book

For any Logos Library related questions please contact Miss Art at swongnarasuk@asianhope.org.

For any Asian Hope Library related questions please contact Miss Raza at graza@asianhope.org.

Powered by Koha